| 000 | 00810nam a22002177a 4500 | ||
|---|---|---|---|
| 999 |
_c12979 _d12979 |
||
| 003 | AR-CdUCM | ||
| 008 | 190410b ||||| |||| 00| 0 eng d | ||
| 040 |
_aMUNICIPALIDAD PROVINCIAL DEL CUSCO _cBIBLIOTECA MUNICIPAL DEL CUSCO |
||
| 082 |
_a941.08 / _bG23 |
||
| 100 |
_aGarfinkel, Bernard _931123 |
||
| 245 | _aMargaret Thatcher / | ||
| 260 |
_aBuenos Aires : _bTiempo Cultural, _c1991. |
||
| 300 |
_a109 paginas ; _bIlustraciones, _c24 cm. |
||
| 505 | _aContenido :Renuncie, renuncie --La hija del almacenero --No hay lugar para el sentimiento --Manos a la obra --La dama de hierro ... | ||
| 650 |
_aMujeres en la polĂtica _931124 |
||
| 650 |
_aPartido Conservador _931125 |
||
| 650 |
_aHistoria _9136 |
||
| 700 |
_aPablo Constantine (editor) _931126 |
||
| 942 |
_2ddc _cLIBROS |
||
| 945 |
_arjall _d2019-04-10 |
||